Obchodovanie s tradičnými slovenskými produktmi prostredníctvom internetu bakalárska práca

Salvato in:
Dettagli Bibliografici
Autore principale: Házelová, Petra
Ente Autore: Obchodná fakulta EU. Katedra informatiky obchodných firiem
Altri autori: Pólya, Attila
Natura: Libro
Lingua:slovacco
Pubblicazione: Bratislava 2017
Tags: Aggiungi Tag
Nessun Tag, puoi essere il primo ad aggiungerne!!

MARC

LEADER 00000nbm a2200000 4500
001 0232816
005 20171003100922.0
041 0 |a slo 
044 |a SK 
245 1 0 |a Obchodovanie s tradičnými slovenskými produktmi prostredníctvom internetu  |b bakalárska práca  |c Petra Házelová ; školiteľ: Attila Pólya 
264 1 |a Bratislava  |c 2017 
300 |a 43 s. 
100 1 |a Házelová, Petra 
700 1 |a Pólya, Attila 
710 2 |a Obchodná fakulta EU. Katedra informatiky obchodných firiem